| 000 | 00981nam a22002537a 4500 | ||
|---|---|---|---|
| 005 | 20170124102927.0 | ||
| 010 | _aA-883144 | ||
| 020 | _c95.00 | ||
| 035 | _aA-883144 | ||
| 037 | _bCen Lib/Ret | ||
| 040 |
_aDPL _bHN |
||
| 082 |
_aउ _bवाजपे |
||
| 100 |
_aवाजपेयी, भगवती प्रसाद _944013 |
||
| 245 |
_aएक और मीरा / _cबग्वती प्रसाद वाजपयी |
||
| 246 |
_aEk or Meera / _bby Bhagvati Prasad Vajpayi |
||
| 260 |
_aदिल्ली _bसावित्री प्रकाशन _c1995 |
||
| 270 |
_a1376, कश्मीरी गेट _bदिल्ली _e110006 |
||
| 300 |
_a168पृ. _c16सेमी(सजिल्द) |
||
| 650 |
_aहिंदी साहित्य _944014 |
||
| 650 |
_aहिंदी उपन्यास _944015 |
||
| 650 |
_aHindi literature _944016 |
||
| 650 |
_aHindi fiction _927248 |
||
| 942 |
_2ddc _cHN _hउ _mवाजपे |
||
| 999 |
_c111672 _d111672 |
||